000 00749cam a2200229 a 4500
001 2523256
005 20241205111431.0
008 930301s1993 ctua b 001 0 eng
020 _a0300055730 (alk. paper)
050 0 0 _aPJ4567.3
_b.B45 1993
082 0 0 _a492.4/86421
_220
100 2 _aBen Zvi, Ehud,
_d1951-
245 1 0 _aReadings in biblical Hebrew :
_ban intermediate textbook /
_cEhud Ben Zvi, Maxine Hancock, Richard Beinert.
260 _aNew Haven :
_bYale University Press,
_cc1993.
300 _axiv, 241 p. :
_bill. ;
_c29 cm.
440 0 _aYale language series
500 _aINCLUDES INDEX
650 0 _aHebrew language
_xSelf-instruction.
700 1 _aHancock, Maxine.
700 1 _aBeinert, Richard,
_d1968-
942 _2lcc
_cBK
_n0
999 _c1966
_d1966